00973nam a2200205 i 450000100060000000300090000600500170001500700030003200800410003508000190007610000550009524502900015026000380044030000260047865000380050470000650054285200220060799900170062995201210064625410ES-MaACL20250904063040.0t|021226s1903 sp ||||1| spa d a582.091(089.3)1 aArmenteras, Andrés Avelino de,d1866-192692295710aArboles y montes b: curiosidades artísticas e históricas de los montes con la explicación de las más beneficiosas influencias del arbolado y de las más importantes nociones forestales / cpor Andrés Avelino de Armenteras ; con un prólogo de Francisco de Paula Arrillaga. aMadrid : bRicardo Rojas, c1903. aXX, 276 p. ; c19 cm. 4aÁrboles-vCuriosidades.91510041 aArrillaga y de Garro, Francisco de Paula,d1846-19209125722 aES-MaACLjG-12082 c25410d25410 00104070aATENEOMbATENEOMcSPP3d2008-01-17eSCl0oG-12082p1026197r2023-02-23 00:00:00w2023-02-23yMONOGRAFIA